| 000 | 01305nam a2200349 c 4500 | ||
|---|---|---|---|
| 001 | 45827 | ||
| 003 | ES-MaCES | ||
| 005 | 20250724100359.0 | ||
| 008 | 150306s2013 sp 1|| | spa d | ||
| 017 |
_aM 24994-2013 _bDL |
||
| 020 | _a9788494131417 | ||
| 040 |
_aES-MaCES _bspa _cES-MaCES |
||
| 111 | 2 |
_935664 _aJornada "La Construcción parte de la solución2 _cMadrid _d2013 |
|
| 245 | 0 | 3 |
_aLa construcción parte de la solución _c[recoge las ponencias presentadas a la Jornada "La Construcción Parte de la Solución, celebrada el 22 de mayo de 2013 en Madrid" ; textos, Ángela de la Cruz Mera ... (et al.)] |
| 260 |
_aMadrid _bFundación Anastasio de Gracia-FITAL _c[2013] |
||
| 300 |
_a143 p. _bfot. bl. y n. _c24 cm |
||
| 541 | _cGratuito | ||
| 650 | 4 |
_aconstrucción _930288 |
|
| 650 | 4 |
_aindustria de la construcción _927730 |
|
| 650 | 4 |
_aedificios _930281 |
|
| 650 | 4 |
_avivienda _928598 |
|
| 650 | 4 |
_apolítica de vivienda _929419 |
|
| 650 | 4 |
_ainfraestructura _928025 |
|
| 650 | 4 |
_aobras públicas _927231 |
|
| 650 | 4 |
_aEspaña _926964 |
|
| 650 | 4 |
_aconferencia _927013 |
|
| 653 | 1 | 0 | _aVivienda-Construcción-Urbanismo |
| 700 | 1 |
_aMera, Ángela de la _935662 |
|
| 710 | 2 |
_aFundación Anastasio de Gracia-FITEL _eed. _935663 |
|
| 902 | _aLIB Libro | ||
| 942 |
_2CES _cBK _h5.2. |
||
| 999 |
_c45827 _d45827 |
||